Roger-Ducasse: el músico - la obra

সংরক্ষণ করুন:
গ্রন্থ-পঞ্জীর বিবরন
প্রধান লেখক: Ceillier, Lorenzo (Author)
বিন্যাস: গ্রন্থ
ভাষা:স্প্যানিশ
প্রকাশিত: Madrid Unión Musical Española 1921
বিষয়গুলি:
ট্যাগগুলো: ট্যাগ যুক্ত করুন
কোনো ট্যাগ নেই, প্রথমজন হিসাবে ট্যাগ করুন!

MARC

LEADER 00000nam a2200000 a 4500
001 UCN1277
003 CL-VaPUC
008 010420e19210000SP |||||||||||||||||spa|d
082 0 4 |a 780.92  |b CEI  |2 21 
100 0 |a Ceillier, Lorenzo  |e author  |9 456804 
245 1 0 |a Roger-Ducasse: el músico - la obra 
300 |a 78 p 
942 |c BK 
945 |d 20010420 00:00:00  |a crobeson 
260 |a Madrid  |b Unión Musical Española  |c 1921 
600 0 7 |a DUCASSE, ROGER  |2 CL-VaPUC  |9 456805 
650 0 |a Compositores franceses  |9 328980 
650 0 |a Músicos franceses  |9 441944 
583 |a last modification  |c 20010420 00:00:00  |k Rodrigo Vera 
999 |c 294852  |d 294850 
952 |0 0  |1 0  |4 0  |6 780_920000000000000_CEI_1921  |7 0  |8 A  |9 347592  |a BIBEDU  |b BIBEDU  |d 2019-11-20  |i 1180142  |o 780.92 CEI 1921  |p 1180142  |r 2023-01-12  |w 2019-11-20  |y BK  |k MUS